书目信息 |
| 题名: |
微胶囊技术-原理与应用
|
|
| 作者: | 夏书芹 , 许时婴 , 张晓鸣 编 | |
| 分册: | ||
| 出版信息: | 北京 化学工业出版社 2006 |
|
| 页数: | ||
| 开本: | 29cm | |
| 丛书名: | ||
| 单 册: | ||
| 中图分类: | R944.5 | |
| 科图分类: | ||
| 主题词: | 药剂学 | |
| 电子资源: | ||
| ISBN: | 7-5025-8870-1 | |
| 000 | 00657nam0 2200205 450 | |
| 001 | 0754114953 | |
| 005 | 20070929150154.95 | |
| 010 | @a7-5025-8870-1 | |
| 100 | @a20070929d km y0chiy0120 ea | |
| 101 | 0 | @achi |
| 200 | 1 | @a微胶囊技术-原理与应用@Awei jiao nang ji shu-yuan li yu ying yong@f许时婴,张晓鸣,夏书芹 等编@Fxu shi ying,zhang xiao ming,xia shu qin deng bian |
| 210 | @a北京@c化学工业出版社@d2006 | |
| 215 | @c插图@d29cm | |
| 606 | 0 | @a药剂学 |
| 690 | @aR944.5@v3 | |
| 701 | 0 | @a夏书芹@Axia shu qin@4编 |
| 701 | 0 | @a许时婴@Axu shi ying@4编 |
| 701 | 0 | @a张晓鸣@Azhang xiao ming@4编 |
| 801 | 0 | @aCN@bPFT@c20070929 |
| 905 | @a213230@dR944.5@eh45@f1 | |
| 微胶囊技术-原理与应用/许时婴,张晓鸣,夏书芹 等编.-北京:化学工业出版社,2006 |
| 插图;29cm |
| ISBN 7-5025-8870-1: |
| ● |
| 相关链接 |
|
|
|
|
正题名:微胶囊技术-原理与应用
索取号:R944.5/h45
 
预约/预借
| 序号 | 登录号 | 条形码 | 馆藏地/架位号 | 状态 | 备注 |
| 1 | 6002399 | 260023995 | 密集书库-化学系/ [索取号:R944.5/h45] | 在馆 | |
| 2 | 6002400 | 260024002 | 密集书库-化学系/ [索取号:R944.5/h45] | 在馆 |